000 00684nas a2200217 4500
001 BR7900495
003 BR-BrBNA
005 20231205083619.0
007 ta
008 230509b bl.|||p| |||| 00| 00por d
040 _aBR-BrBNA
_bpor
_cBiblioteca Nacional de Agricultura
041 _a(Pt)
072 _aK10
100 1 _aMoraes, V.H.F.
245 1 _aComparacao entre sangria oriental e sangria amazonica em seringais nativos [Hevea brasiliensis]
650 _aSERINGUEIRA
650 _aSANGRIA
773 0 _tPesquisa Agropecuaria Brasileira (Brazil)
_xISSN 0100-204X
_g(1978), v. 13(2) p. 69-73
_wBR7900495
909 _a202311
_bLúcia
_c55
_dLúcia Elande
942 _2AGRIS
_n0
_cANA
999 _c100064
_d100064